Statistics for Countries that are Federations

Click here to take the quiz!

General Stats

  • This quiz has been taken 1,303 times
    (976 since last reset)
  • The average score is 15 of 27

Answer Stats

Answer% Correct
United States
91%
Russia
89%
Canada
87%
Australia
85%
Germany
85%
Brazil
84%
Mexico
82%
Argentina
77%
India
76%
Switzerland
64%
Pakistan
61%
Austria
58%
Federated States of Micronesia
56%
United Arab Emirates
55%
Belgium
54%
Malaysia
52%
Nigeria
52%
Venezuela
51%
Iraq
46%
Ethiopia
44%
Sudan
37%
Somalia
32%
Bosnia and Herzegovina
29%
Nepal
29%
South Sudan
27%
Saint Kitts and Nevis
15%
Comoros
10%

Score Distribution

Percentile by Number Answered

Percent of People with Each Score

Your Score History

You have not taken this quiz since the last reset